00478nam a2200193Ia 4500003000400000005001700004008004100021020001800062040000700080041000800087082001600095100002400111245004700135260003600182300001600218365001400234650001600248650002000264OSt20230602110653.0210423s2003 xx 000 0 und d a0-7619-4766-3 cAL aeng a307.14 MOSR aMOSELEY (Malcolm J) aRural development: principles and practice aLondonbSage Publicationsc2003 axii,227bHB b9495cGBP aCommunities aSocial Sciences